000
00264nam a2200109Ia 4500
008
200302s9999 xx 000 0 und d
100
_a
Elys John
245
_a
Cad Fundamentals for Architecture
260
_b
Laurence King Publishing
260
_c
2013
300
_a
208
999
_c
3362
_d
3362